| 000 | 00498nam a22001931a 4500 | ||
|---|---|---|---|
| 001 | 2464 | ||
| 003 | OSt | ||
| 005 | 20260204211813.0 | ||
| 008 | 040302s1989||||dr ||||||b||||||||||spa|| | ||
| 050 | _aRD 920.81 S16p | ||
| 082 | _aRD 920.81 S16p | ||
| 100 | _aSáez, José Luis | ||
| 245 | _aPapeles del padre Fuertes / Saez, José Luís | ||
| 264 | _aSanto Domingo : Amigo del Hogar | ||
| 300 | _a334 p. | ||
| 500 | _aIncluye indice | ||
| 650 | _a1.Padre Fuerte - BiografíaÌ | ||
| 942 |
_2ddc _cBK |
||
| 999 |
_c2464 _d2464 |
||